|
|
|
|
| LEADER |
00000nab a2200000 ar4500 |
| 001 |
vtls010029724 |
| 003 |
SK-MaSNL |
| 005 |
20260426073425.0 |
| 008 |
091208c2009 xo mr|p|||||||000 b|slo |
| 015 |
|
|
|a SNBRB2009/12
|2 snkbucl
|
| 038 |
|
|
|a SNKBUCL
|
| 040 |
|
|
|a SNKBUCL
|b slo
|c SNKBUCL
|e AACR2
|
| 041 |
0 |
|
|a slo
|
| 044 |
|
|
|a xo
|c SK
|
| 080 |
|
|
|a 364.3:341.241
|x (437.6:477)
|2 2001
|
| 080 |
|
|
|a 341.241
|x (437.6:477)
|2 2001
|
| 100 |
1 |
|
|a Rizikyová, Iveta
|4 aut
|9 868966
|
| 245 |
1 |
0 |
|a Dohoda o zmene Zmluvy medzi Slovenskou republikou a Ukrajinou o sociálnom zabezpečení
|c Iveta Rizikyová
|
| 500 |
|
|
|a Zmena názvu časopisu (pôvodne Národné poistenie)
|
| 650 |
0 |
7 |
|a sociálne zabezpečenie
|2 snkbucl
|9 3720
|
| 650 |
0 |
7 |
|a zmluvy
|2 snkbucl
|9 297422
|
| 651 |
|
7 |
|a Slovensko
|2 snkbucl
|9 14231
|
| 651 |
|
7 |
|a Ukrajina
|2 snkbucl
|9 168045
|
| 773 |
0 |
|
|t Sociálne poistenie
|g Roč. XXXXI, č. 9 (2009), s. 12
|x 1337-9844
|
| 852 |
|
|
|a SNK
|b KIS3GCP
|
| 958 |
|
|
|a SK
|
| 958 |
|
|
|a UA
|
| 999 |
|
|
|c 2705511
|d 2707441
|